000 00686nam a2200289Ia 4500
005 20260324133317.0
008 008 260324s9999 xx 000 0 eng d
020 _a9780203391419
037 _aEBOOK
040 _aCRL
040 _beng
040 _cCRL
041 _2eng
041 _aeng
084 _qCRL
100 _aR. K. Gibson; P. G. Nixon; S. J. Ward
_91192608
245 0 _aPolitical Parties and the Internet
245 0 _bNet Gain?
260 _bTaylor and Francis
260 _c2003
365 _a
365 _b300
856 _uhttp://www.taylorfrancis.com/books/9780203391419
942 _cEBOOK
999 _c1791521
_d1791521